Υποδειγματικές διδασκαλίες στα πρότυπα Δημοτικά σχολεία της Ζωσιμαίας Παιδαγ. Ακαδημίας Ιωαννίνων : πραγματοποίηση: οι διδάσκαλοι των πρότυπων σχολείων

Αποθηκεύτηκε σε:
Λεπτομέρειες βιβλιογραφικής εγγραφής
Κύριος συγγραφέας: Κίτσος, Κωνσταντίνος Ι.
Μορφή: Βιβλίο
Γλώσσα:Greek
Δημοσίευση: [Θεσσαλονίκη] : [Χ.ό.], 1978
Θέματα:
Ετικέτες: Προσθήκη ετικέτας
Δεν υπάρχουν, Καταχωρήστε ετικέτα πρώτοι!

MARC

LEADER 00000cam a2200000 i 4500
001 1/99940
008 081220s1978 gre d
035 |l 10102658 
040 |a GR-MY-UA  |b gre  |e aacr 
041 0 |a gre 
082 0 |a 372.1102  |2 (22) 
100 1 |a Κίτσος, Κωνσταντίνος Ι. 
245 1 0 |a Υποδειγματικές διδασκαλίες στα πρότυπα Δημοτικά σχολεία της Ζωσιμαίας Παιδαγ. Ακαδημίας Ιωαννίνων :  |b πραγματοποίηση: οι διδάσκαλοι των πρότυπων σχολείων /  |c κατεύθυνση και εποπτεία: Κων. Ι. Κίτσος 
260 |a [Θεσσαλονίκη] :   |b [Χ.ό.],   |c 1978 
300 |a 208 σ.;  |c 24 εκ. 
650 0 0 |a Teaching  |x Methodology. 
650 0 0 |a Teaching  |x Philosophy. 
650 0 0 |a Education  |x Study and teaching (Elementary) 
650 0 0 |a Elementary school teaching. 
852 |a INST  |b RHODES  |c AKA  |e 20081220  |h  372.1102 ΚΙΤ  |p 005400031765  |q 005400031765  |t BK  |y 0 
901 |a BIBL4-2008-3 
909 |a Ρ  |b 156762 
970 |a ΚΟΖΑ  |b ΜΑΡΙΑ  |z 2008/12/20